Văn hóa Việt Nam - Trên con đường giải phóng, đổi mới, hội nhập và phát triển
Nghiên cứu một cách toàn diện về lí luận văn hoá, về quá trình giải phóng, đổi mới, hội nhập và phát triển văn hoá ở Việt Nam. Nhận diện những xung đột, mâu thuẫn và những cản trở trên con đường giải phóng, hội nhập để phát triển văn hoá Việt Nam......
Na minha lista:
| Autor principal: | |
|---|---|
| Formato: | Livro |
| Idioma: | Vietnamese |
| Publicado em: |
H.
Thông tin và Truyền thông
2013
|
| Assuntos: | |
| Tags: |
Adicionar Tag
Sem tags, seja o primeiro a adicionar uma tag!
|
| Thư viện lưu trữ: | Mạng thư viện Đại học Đà Nẵng |
|---|
| LEADER | 01719aam a22004218a 4500 | ||
|---|---|---|---|
| 001 | 000022931 | ||
| 003 | 19380 | ||
| 005 | 20150519110519.0 | ||
| 008 | 150519s2013 viesd | ||
| 020 | |c 95000đ |d 500b | ||
| 041 | 0 | |a vie | |
| 082 | 0 | 4 | |2 23 |a 306.09597 |b ĐÔ-H |
| 100 | 1 | |a Đỗ Huy | |
| 245 | 1 | 0 | |a Văn hóa Việt Nam - Trên con đường giải phóng, đổi mới, hội nhập và phát triển |c Đỗ Huy |
| 260 | |a H. |b Thông tin và Truyền thông |c 2013 | ||
| 300 | |a 421 tr. |c 21cm | ||
| 504 | |a Thư mục cuối sách | ||
| 520 | |a Nghiên cứu một cách toàn diện về lí luận văn hoá, về quá trình giải phóng, đổi mới, hội nhập và phát triển văn hoá ở Việt Nam. Nhận diện những xung đột, mâu thuẫn và những cản trở trên con đường giải phóng, hội nhập để phát triển văn hoá Việt Nam... | ||
| 650 | 0 | 4 | |2 Bộ TK TVQG |a Văn hóa Việt Nam |x Nghiên cứu |z Việt Nam |
| 650 | 7 | |2 Bộ TK TVQG | |
| 650 | 7 | |2 Bộ TK TVQG | |
| 650 | 7 | |2 Bộ TK TVQG | |
| 651 | 7 | |2 Bộ TK TVQG |a Việt Nam | |
| 653 | |a Văn hóa Việt Nam | ||
| 653 | |a Đổi mới | ||
| 653 | |a Giải phóng | ||
| 653 | |a Hội nhập | ||
| 653 | |a Phát triển | ||
| OWN | |a LSP | ||
| AVA | |a UDN50 |b LSP |d 306.09597 ĐÔ-H |e available |t Error 5001 Not defined in file expand_doc_bib_avail. |f 2 |g 0 |h N |i 1 |k 1 | ||
| 999 | |a From the UDN01 | ||
| AVA | |a UDN50 |b LSP |d 306.09597 ĐÔ-H |e available |t Error 5001 Not defined in file expand_doc_bib_avail. |f 2 |g 0 |h N |i 1 |k 1 | ||
| TYP | |a Monograph | ||
| TYP | |a Printed language | ||
| 980 | |a Mạng thư viện Đại học Đà Nẵng | ||